Το άλμα της Σαπφώς : ιστορικό μυθιστόρημα

Αποθηκεύτηκε σε:
Λεπτομέρειες βιβλιογραφικής εγγραφής
Κύριος συγγραφέας: Jong, Erica
Άλλοι συγγραφείς: Παπαδημητρίου, Χίλντα, 1957- (trlf)
Μορφή: Βιβλίο
Γλώσσα:Greek
English
Δημοσίευση: Αθήνα : Πατάκης, c2003
Έκδοση:3η έκδ.
Σειρά:Σύγχρονη ξένη λογοτεχνία (Πατάκης) 148
Θέματα:
Ετικέτες: Προσθήκη ετικέτας
Δεν υπάρχουν, Καταχωρήστε ετικέτα πρώτοι!

MARC

LEADER 00000cam a2200000 i 4500
001 1/20138
008 051128s2003 gr | ||| |||| ||gre||
020 |a 960-16-0979-2 
035 |l 10081536 
040 |a GR-MY-UA  |b gre  |e aacr 
041 1 |a gre  |h eng 
082 7 |a 813   |2 (22) 
100 1 |a Jong, Erica. 
245 1 3 |a Το άλμα της Σαπφώς :   |b ιστορικό μυθιστόρημα /   |c Έρικα Τζογκ ; μετάφραση: Χίλντα Παπαδημητρίου. 
250 |a 3η έκδ. 
260 |a Αθήνα :   |b Πατάκης,   |c c2003 
300 |a 452 σ.;  |b 1 χάρτης;  |c 21 εκ. 
490 1 |a (Σύγχρονη ξένη λογοτεχνία / Πατάκης ;   |v  148) 
500 |a Τίτλος πρωτοτύπου: Sappho's leap. 
650 0 0 |a Greeks  |z Egypt  |x Fiction. 
650 0 0 |a Women poets  |x Fiction. 
651 0 |a Greece  |x History  |y To 146 B.C.  |x Fiction. 
651 0 |a Lesbos Island (Greece)  |x Fiction. 
651 0 |a Egypt  |x Fiction. 
700 1 |a Παπαδημητρίου, Χίλντα,   |d 1957-  |e trlf 
830 0 |a Σύγχρονη ξένη λογοτεχνία (Πατάκης)  |v  148 
852 |a INST  |b SYROS  |e 20051128  |h 813 JON  |p 005500005074  |q 005500005074  |t BK  |y 0 
901 |a BIBL5-2005-3 
909 |a Ε  |b 117177 
922 |a 5ΕΛΗ  |b 200511  |c ΒΙΒΛΙΟΘΗΚΗ ΣΥΡΟΥ  |d ΣΕΛΕΦΑΙΣ 
970 |a ΚΟΝΤΟΥ  |b ΠΑΡΑΣΚΕΥΗ  |z 2005/12/08